00221 a2200085 450000100060000004000220000624000250002824500230005365000590007650634 cAnchieta - Pituba10aÜbungs-grammatikl10aÜbungs-grammatik 4aLínguas germânicas (teutônicas) língua alemã